| 000 | 00840nam a2200229Ii 4500 | ||
|---|---|---|---|
| 003 | JO-AjNU | ||
| 008 | 230605s9999||||xx |||||||||||||| ||und|| | ||
| 017 | _a2011/11047 | ||
| 020 | _a978-977-327-902-8 | ||
| 040 |
_aJO-AjNU _bara _erda _cJO-AjNU |
||
| 041 | _aara | ||
| 050 | 1 | 4 | _aGV716.A436 2012 |
| 100 | 3 |
_aعلم الدين، دعاء محمد عابدين محمد, _eauthor _934341 |
|
| 245 | 0 | 0 | _aتسويق خدمات رياضة الرماية بالقوس والسهم |
| 250 | _aط1 | ||
| 264 | 3 | 1 | _aالاسكندرية: دار الوفاء لدنيا الطباعة والنشر، 2012 |
| 300 | _a235ص | ||
| 336 |
_atext _btxt _2rdacontent |
||
| 337 |
_aunmediated _bn _2rdamedia |
||
| 338 |
_avolume _bnc _2rdacarrier |
||
| 650 | 4 |
_aخدمات رياضية - الرماية والقوس والسهم - تسويق _934342 |
|
| 999 |
_aA14072 _c17640 _d17640 |
||